000 00530nam a2200169 a 4500
005 20140412111359.0
008 060126s19uu xx 00 eng d
020 _a0-590-47056-6
050 _aTR(PS E
_bTe25 1994
100 _aMarzollo, Jean
245 _aTen cats have hats :
_cby jean Marzollo ; illustrated by David McPhail.
_ba counting book /
260 _aNew York :
_bScholastic Inc,
_c1994.
300 _a22 p. ; ill.
650 _aCounting (1-10)
_xJuvenile literature
650 _aStories in rhyme
999 _c105438
_d105438